| 000 | 00371nam a22001577a 4500 | ||
|---|---|---|---|
| 005 | 20180417121457.0 | ||
| 008 | 160430b xxu||||| |||| 00| 0 eng d | ||
| 041 | _aeng | ||
| 082 |
_b00998 _a346.5402 |
||
| 100 |
_aBangia, R.K. _9533 |
||
| 245 | _aIndian Centract Act. | ||
| 260 |
_bAllahabad law Agency _c2004 |
||
| 300 | _a523 | ||
| 650 |
_aManagement _9241 |
||
| 942 | _cBK | ||
| 999 |
_c354 _d354 |
||